Hovorená bibliografia

Bibliographic Details
Main Author: Večereková, Jana (Author)
Format: Article
Language:Slovak
Subjects:

MARC

LEADER 00000nab a2200000 a 4500
001 vtls000092434
003 SK-MaSNL
005 20260304070611.0
008 250423c1981 xo 0 slo
015 |a SNBRB19rr/mm-uuuuu 
035 |a CL0102537 
035 |a urn:nbn:sk:snk-abba4b 
035 |a (urnnbn)urn:nbn:sk:snk:ar-0012zp 
035 |a (uuid)922a3ea5-aedd-4847-a280-8efa637f7546 
040 |a SNKBUCL  |b slo  |c SNKBUCL  |e AACR2 
041 0 |a slo 
044 |a xo  |c SK 
080 |a 025.5:374.2  |2 1981 
080 |a 374.2  |2 1981 
080 |a 027.52(437.6 Rimavská Sobota)  |2 1981 
100 1 |a Večereková, Jana  |4 aut  |9 629359 
245 1 0 |a Hovorená bibliografia  |c Jana Večereková 
650 0 7 |a okresné knižnice  |2 snkbucl  |9 64389 
650 0 7 |a práca s čitateľom  |2 snkbucl  |9 15565 
655 7 |a články z novín a časopisov  |2 snkbucl  |9 267496 
655 7 |a články z odboru knihovníctvo  |2 snkbucl  |9 166141 
773 0 |t Čitateľ  |g Roč. 30, č. 9 (1981), s. 331 
850 |a Slovenská národná knižnica 
852 |a Slovenská národná knižnica 
954 |a odborná, vedecká literatúra pôvodná (slovenská)  |2 lita 
957 |a 5309 
958 |a article15 
958 |a RK 
958 |a KL 
958 |a OND 
958 |a EUIPO 
992 |a RBX 
999 |c 2756375  |d 2758305